<?xml version="1.0" encoding="UTF-8"?>
<marc:record xmlns:marc="http://www.loc.gov/MARC21/slim">
   <marc:leader>00000nam a2200000 a 4500</marc:leader>
   <marc:datafield ind1="1" ind2=" " tag="100">
      <marc:subfield code="a">Weller, Ursula  ::</marc:subfield>
      <marc:subfield code="4">aut</marc:subfield>
      <marc:subfield code="e">Verfasser/-in</marc:subfield>
   </marc:datafield>
   <marc:datafield ind1=" " ind2=" " tag="653">
      <marc:subfield code="a">Pappbilderbuch</marc:subfield>
   </marc:datafield>
   <marc:datafield ind1=" " ind2=" " tag="653">
      <marc:subfield code="a">Tiere</marc:subfield>
   </marc:datafield>
   <marc:datafield ind1=" " ind2=" " tag="653">
      <marc:subfield code="a">Wimmelbilderbuch</marc:subfield>
   </marc:datafield>
   <marc:datafield ind1=" " ind2=" " tag="653">
      <marc:subfield code="a">Suchbild</marc:subfield>
   </marc:datafield>
   <marc:datafield ind1="0" ind2="0" tag="245">
      <marc:subfield code="a">Sachen suchen - bei den Tieren</marc:subfield>
   </marc:datafield>
   <marc:datafield ind1=" " ind2="1" tag="264">
      <marc:subfield code="b">Ravensburger Verlag GmbH</marc:subfield>
      <marc:subfield code="c">2014</marc:subfield>
   </marc:datafield>
   <marc:datafield ind1="1" ind2=" " tag="490">
      <marc:subfield code="a">Sachen suchen</marc:subfield>
   </marc:datafield>
   <marc:datafield ind1="1" ind2=" " tag="520">
      <marc:subfield code="a">Ab 2 Jahren#    Neben den einheimischen, auch die fremden Tiere aus aller Welt kennenlernen#    Erstes umfangreiches Tierbilderbuch für kleine Tierliebhaber#    Mit über 70 Suchbildern###Staunend entdecken Ben und Lara viele heimische Tiere in ihrer Umgebung. Auf dem Bauernhof leben die Kühe, Pferde, Schweine, Hühner und viele andere mehr. In der Wiese kann man zahlreiche Insekten entdecken. Und welche Tiere leben im Wald, in den Bergen und in den Dünen? Zahlreiche Suchbilder helfen beim Benennen der Tiere und laden zum suchen und wiederfinden ein. Ein umfangreiches erstes Tierbilderbuch, das zum ständigen Begleiter für kleine Tierliebhaber wird.</marc:subfield>
   </marc:datafield>
   <marc:datafield ind1=" " ind2=" " tag="020">
      <marc:subfield code="a">9783473434701</marc:subfield>
      <marc:subfield code="9">9783473434701</marc:subfield>
   </marc:datafield>
   <marc:datafield ind1=" " ind2=" " tag="041">
      <marc:subfield code="a">ger</marc:subfield>
   </marc:datafield>
</marc:record>
